Statystyki dla Herby Województw Polski

Kliknij tutaj aby rozwiązać quiz!

Ogólne statystyki

  • Ten quiz został rozwiązany 968 razy
  • Średni wynik to 10 z 16

Statystyki odpowiedzi

Odpowiedź% Poprawnych
Dolnośląskie
84%
Małopolskie
75%
Zachodniopomorskie
75%
Opolskie
69%
Śląskie
69%
Lubelskie
68%
Podlaskie
68%
Wielkopolskie
68%
Mazowieckie
65%
Pomorskie
62%
Kujawsko-pomorskie
57%
Łódzkie
57%
Lubuskie
57%
Podkarpackie
57%
Świętokrzyskie
56%
Warmińsko-mazurskie
50%

Rozkład punktacji

Percentyl według liczby udzielonych odpowiedzi

Procent ludzi z każdym wynikiem

Twoja historia wyników

Nie rozwiązałeś tego quizu